header

Varieties of Javanese religion (Record no. 228193)

MARC details
000 -LEADER
fixed length control field 01366nam a2200325 a 4500
082 04 - DEWEY DECIMAL CLASSIFICATION NUMBER
Classification number 200/.9598
100 1# - MAIN ENTRY--AUTHOR NAME
Personal name Beatty, Andrew.
245 10 - TITLE STATEMENT
Title Varieties of Javanese religion
260 ## - PUBLICATION, DISTRIBUTION, ETC. (IMPRINT)
Place of publication Cambridge, U.K. ;
-- New York :
Name of publisher Cambridge University Press,
Year of publication c1999.
300 ## - PHYSICAL DESCRIPTION
Number of Pages civ, 272 p. :
Other physical details ill., map.
490 1# - SERIES STATEMENT
Series statement Cambridge studies in social and cultural anthropology ;
856 40 - ELECTRONIC LOCATION AND ACCESS
Uniform Resource Identifier http://site.ebrary.com/lib/rucke/Doc?id=2000774

No items available.

© 2026 Rongo University
Contact us: librarian | system librarian | Rongo university